10 Biggest Cities in Order: Russia - Statistics

General Stats
  • This quiz has been taken 104 times
  • The average score is 7 of 10
Answer Stats
# Answer % Correct
1 Moscow
100%
2 Saint Petersburg
100%
3 Novosibirsk
78%
4 Yekaterinburg
71%
5 Nizhny Novgorod
62%
6 Samara
59%
8 Kazan
57%
10 Rostov-on-Don
56%
7 Omsk
51%
9 Chelyabinsk
46%
No matching quizzes found
Score Distribution
Percent of People with Each Score
Percentile by Number Answered
Your Score History
You have not taken this quiz